La acción en la teoría del delito
Guardat en:
| Autor principal: | |
|---|---|
| Format: | Llibre |
| Idioma: | espanyol |
| Publicat: |
Buenos Aires
Astrea
1975
|
| Matèries: | |
| Etiquetes: |
Afegir etiqueta
Sense etiquetes, Sigues el primer a etiquetar aquest registre!
|
MARC
| LEADER | 00000cam a2200000 a 4500 | ||
|---|---|---|---|
| 001 | UCV1552 | ||
| 003 | CL-VaPUC | ||
| 008 | 900816e19750000AG |||||||||||||||||spa|d | ||
| 082 | 0 | 4 | |a 345.02 |b GRA |2 21 |
| 100 | 0 | |a Gramajo, Edgardo |e author |9 295820 | |
| 245 | 1 | 3 | |a La acción en la teoría del delito |
| 300 | |a 149 p | ||
| 942 | |c BK | ||
| 945 | |d 19900816 00:00:00 | ||
| 260 | |a Buenos Aires |b Astrea |c 1975 | ||
| 650 | 0 | |a Acción penal |9 254970 | |
| 650 | 0 | |a Delitos |9 224143 | |
| 583 | |a last modification |c 20180824 10:16:10 |k Rodrigo Vera | ||
| 999 | |c 209478 |d 209476 | ||
| 952 | |0 0 |1 0 |4 0 |6 345_020000000000000_GRA_1975 |7 0 |8 A |9 184898 |a BIBDER |b BIBDER |d 2019-11-14 |i 2522225 |o 345.02 GRA 1975 |p 2522225 |r 2023-01-25 |w 2019-11-14 |y BK |k DER | ||
| 952 | |0 0 |1 0 |3 erb |4 0 |6 345_020000000000000_GRA_1975 |7 0 |8 A |9 184899 |a BIBDER |b BIBDER |e Mateluna Arestizabal, Alfredo Sergio |i 5489709 |o 345.02 GRA 1975 |p 5489709 |r 2019-11-14 |w 2019-11-14 |y BK |z Catalogado en:20180824 |k DER | ||